Báseň na chodníku. Motýli skok

Bibliographic Details
Main Author: Murín, Gustáv, 1959- (Author)
Format: Article
Language:Slovak
Subjects:

MARC

LEADER 00000nab a2200000 a 4500
001 vtls000304077
003 SK-MaSNL
005 20260305010832.0
008 131118c1988 xo 0 slo
015 |a SNBRB19rr/mm-uuuuu 
035 |a CL0314196 
040 |a SNKBUCL  |b slo  |c SNKBUCL  |e AACR2 
041 0 |a slo 
044 |a xo  |c SK 
080 |a 885.4-3  |2 1981 
100 1 |a Murín, Gustáv,  |d 1959-  |4 aut  |9 105033 
245 1 0 |a Báseň na chodníku. Motýli skok  |c Gustáv Murín 
500 |a Dotyky - príloha pre mladú literatúru. 
650 0 7 |a prózy psychologické  |2 snkbucl  |9 893892 
655 7 |a články z novín a časopisov  |2 snkbucl  |9 267496 
655 7 |a články z odboru literárna veda a krásna literatúra  |2 snkbucl  |9 770045 
773 0 |t Romboid  |g Č. 1 (1988), s. 122 a 124 
850 |a Slovenská národná knižnica v Martine  |a MTA001 
852 |a SNK  |b KIS3GCP 
958 |a RK 
958 |a LX 
992 |a RBX 
999 |c 3248921  |d 3250851